Statistics for Mathematics Trivia

Click here to take the quiz!

General Stats

  • This quiz has been taken 111 times
  • The average score is 8 of 15

Answer Stats

QuestionAnswer% Correct
How many sides does a quadrilateral have (Hint: The prefix has the answer)4
100%
What is 20 multiplied by 2?40
100%
What is the square root of 25?5
84%
How many sides does a Nonagon have?9
80%
How many degrees is a circle?360
75%
What is the antonym for MultiplicationDivision
67%
Whats the only known shape that does not have vertices nor sidesCircle
62%
How many vertices does a square pyramid have?8
55%
Pentagons, Hexagons, Heptagons, Octagons? What single name are they all part of.Polygon
51%
What word starting with the letter H, Can also mean testing out formulas.Hypothesis
50%
What is the word given to an "area" for a 3D shapeVolume
50%
How many vertices does an Icosahedron have20
37%
Which Greek mathematician was regarded as the Father of Maths.Archimedes
22%
Whats the formula for a squareLxW
4%
What is after trillion?Quadillion
2%

Score Distribution

Percentile by Number Answered

Percent of People with Each Score

Your Score History

You have not taken this quiz